Savoir-lire : precis de lecture critique
Αποθηκεύτηκε σε:
| Κύριος συγγραφέας: | |
|---|---|
| Άλλοι συγγραφείς: | |
| Μορφή: | Βιβλίο |
| Γλώσσα: | French |
| Δημοσίευση: |
Paris :
Didier,
1982
|
| Έκδοση: | 5th ed. |
| Σειρά: | Faire/Lire,
|
| Θέματα: | |
| Ετικέτες: |
Προσθήκη ετικέτας
Δεν υπάρχουν, Καταχωρήστε ετικέτα πρώτοι!
|
MARC
| LEADER | 00000nam a2200000 i 4500 | ||
|---|---|---|---|
| 001 | 1/71805 | ||
| 008 | 970728s1982 fre d | ||
| 020 | |a 2-278-03453-7 | ||
| 035 | |a 1988 |b 3 |c Χριστοδουλίδου |l 10031058 | ||
| 040 | |a GR-MY-UA |b gre |e aacr | ||
| 041 | 0 | |a fre | |
| 082 | 0 | |a 808 | |
| 100 | 1 | |a Schmitt, M.-P. | |
| 245 | 1 | 0 | |a Savoir-lire : |b precis de lecture critique / |c M.-P. Schmitt, A. Viala |
| 250 | |a 5th ed. | ||
| 260 | |a Paris : |b Didier, |c 1982 | ||
| 300 | |a 223 p. | ||
| 490 | 1 | |a Faire/Lire |x 0290-294X | |
| 650 | 0 | 0 | |a Discourse analysis, Literary. |
| 650 | 0 | 0 | |a Comparative literature. |
| 700 | 1 | |a Viala, A. | |
| 830 | 0 | |a Faire/Lire, |x 0290-294X | |
| 852 | |a INST |b RHODES |e 19970728 |h 808 SCH |p 005400008483 |q 005400008483 |t BK |y 0 | ||
| 909 | |a Ρ |b 011860 |c 1988 | ||
| 970 | |z 2000/08/ΔΕΜΕΝΑΓΑΣ ΠΕΤΡΟΣ | ||